000 01862nam a2200253 a 4500
008 130722s2011 ||||||||||||||||| || u
050 _aCOMESA(02)2011/2A
100 _aMangeni, Francis
245 1 1 _a COMESA: key issues for the integration agenda
_cby Common Market for Eastern and Southern Africa [COMESA]
260 _aLusaka:
_bCommon Market for Eastern and Southern Africa (COMESA)
_c2011
300 _aiii, 197p.: ill.
500 _aBibliography
650 _aCOMESA--CUSTOMS UNION
650 _aCOMESA--INTEGRATION
710 _aCommon Market for Eastern and Southern Africa (COMESA)
995 _aSPECIAL COLLECTIONS
_e786
_FCBU-MAIN LIBRARY (Kitwe)
_jCOMESA(02)2011/2A
_M1
_UAVAILABLE
_WJul 22, 2013
_yB786
_ZInternational Publications
995 _aSPECIAL COLLECTIONS
_e1982
_FCBU-SCHOOL OF MEDICINE LIBRARY (Ndola)
_jCOMESA(02)2011/2D
_M4
_UAVAILABLE
_WAug 27, 2015
_yB1982
_ZInternational Publications
995 _aSPECIAL COLLECTIONS
_e3554
_FCBU-KAPASA MAKASA LIBRARY (Chinsali)
_jCOMESA(02)2011/2H
_M8
_UAVAILABLE
_WApr 10, 2018
_yB3554
_ZInternational Publications
995 _aSPECIAL COLLECTIONS
_e3553
_FCBU-KAPASA MAKASA LIBRARY (Chinsali)
_jCOMESA(02)2011/2G
_M7
_UAVAILABLE
_WApr 10, 2018
_yB3553
_ZInternational Publications
995 _aSPECIAL COLLECTIONS
_e787
_FCBU-MAIN LIBRARY (Kitwe)
_jCOMESA(02)2011/2B
_M2
_UAVAILABLE
_WJul 22, 2013
_yB787
_ZInternational Publications
995 _aSPECIAL COLLECTIONS
_e3551
_FCBU-KAPASA MAKASA LIBRARY (Chinsali)
_jCOMESA(02)2011/2E
_M5
_UAVAILABLE
_WApr 10, 2018
_yB3551
_ZInternational Publications
995 _aSPECIAL COLLECTIONS
_e3552
_FCBU-KAPASA MAKASA LIBRARY (Chinsali)
_jCOMESA(02)2011/2F
_M6
_UAVAILABLE
_WApr 10, 2018
_yB3552
_ZInternational Publications
995 _aSPECIAL COLLECTIONS
_e1981
_FCBU-SCHOOL OF MEDICINE LIBRARY (Ndola)
_jCOMESA(02)2011/2C
_M3
_UAVAILABLE
_WAug 27, 2015
_yB1981
_ZInternational Publications
999 _c64018
_d64018